South America Demonyms - Statistics

General Stats
  • This quiz has been taken 22 times
    19 since last reset
  • The average score is 13 of 15
Answer Stats
Place Denonym % Correct
Bolivia Bolivian
100%
Brazil Brazilian
100%
Chile Chilean
100%
Colombia Colombian
100%
South America South American
100%
Argentina Argentine | Argentinian | Argentinean
94%
Ecuador Ecuadorian
89%
Peru Peruvian
89%
Venezuela Venezuelan
89%
Paraguay Paraguayan
78%
Uruguay Uruguayan
78%
Guyana Guyanese
72%
Suriname Surinamese
72%
Falkland Islands Falkland Islander
61%
French Guiana French Guianese | French Guianan
61%
No matching quizzes found
Score Distribution
Percent of People with Each Score
Percentile by Number Answered
Your Score History
You have not taken this quiz since the last reset